000
00485nam a2200169Ia 4500
008
090711s9999 xx 000 0 und d
082
_b
71635
100
_a
गोविलकर सुमती र.
245
_a
स्वप्ना
260
_c
1993
300
_a
126
600
_a
गोविलकर सुमती र.
630
_a
स्वप्ना
700
_a
गोविलकर सुमती र.
730
_a
स्वप्ना
942
_c
BOOK
999
_c
311117
_d
311117